Účinky niektorých stabilizačných prípravkov na kvalitu vína

Bibliographic Details
Main Author: Farkaš, Ján, 1923-1999 (Author)
Format: Article
Language:Slovak
Subjects:

MARC

LEADER 00000nab a2200000 a 4500
001 vtls000170451
003 SK-MaSNL
005 20260304000421.0
008 111104c1984 xo 0 slo
015 |a SNBRB19rr/mm-uuuuu 
035 |a CL0180562 
040 |a SNKBUCL  |b slo  |c SNKBUCL  |e AACR2 
041 0 |a slo 
044 |a xo  |c SK 
080 |a 663.257  |2 1981 
100 1 |a Farkaš, Ján,  |d 1923-1999  |4 aut  |9 238639 
245 1 0 |a Účinky niektorých stabilizačných prípravkov na kvalitu vína  |c Ján Farkaš 
650 0 7 |a víno  |2 snkbucl  |9 1658 
655 7 |a články z novín a časopisov  |2 snkbucl  |9 267496 
773 0 |t Vinohrad  |g Roč. 22, č. 1 (1984), s. 17-18 
850 |a Slovenská národná knižnica v Martine  |a MTA001 
852 |a SNK  |b KIS3GCP 
958 |a RK 
992 |a RBX 
999 |c 2531221  |d 2533151